000 01305cam a22003251 4500
001 popularmechanics6newy
003 CaSfIA
005 20210118211247.0
007 cr||||
008 700716m19689999nyua e 000 0 eng
010 _a 68003759
040 _aDLC
_cDLC
_dBAKER
_dBTCTA
_dVVW
_dCaSfIA
019 _a4112683
_a9976731
035 _a(OCoLC)432189
_z(OCoLC)4112683
_z(OCoLC)9976731
050 0 0 _aTT155
_b.P75
050 1 4 _aR680 P
082 0 0 _a600
245 0 0 _aPopular mechanics do-it-yourself encyclopedia.
_h[electronic resource]
260 _aNew York,
_bBook Division, Hearst Magazines
_c[1968-
300 _av.
_billus. (part col.)
_c28 cm.
650 0 _aHandicraft
_vEncyclopedias.
650 0 _aDo-it-yourself work
_vEncyclopedias.
856 4 1 _uhttp://www.archive.org/details/popularmechanics6newy
_zFree eBook from the Internet Archive
029 1 _aNZ1
_b2835147
029 1 _aAU@
_b000000692036
029 1 _aAU@
_b000007298714
942 _cEB
506 _fНеобхідна авторизація на https://archive.org/ (створення облікового запису безкоштовно)
506 _fНеобхідна авторизація на https://openlibrary.org/ (створення облікового запису безкоштовно)
999 _c537960
_d537960